Every Pokémon Type Combination - Statistics

General Stats
  • This quiz has been taken 613 times
    450 since last reset
  • The average score is 96 of 158
Answer Stats
Type Pokemon % Correct
Fire Charmander|Charmeleon|Ponyta|Rapidash|Vulpix|Ninetales|Growlithe|Arcanine|Magmar|Flareon|Cyndaquil|Quilava|Typhlosion|Slugma|Magby|Entei|Torchic|Torkoal| Chimchar|Magmortar|Tepig|Pansear|Simisear|Darumaka|Darmanitan|Heatmor| Fennekin|Braixen|Litten|Torracat|Scorbunny|Raboot|Cinderace|Fuecoco|Crocalor| Charcadet
96%
Electric Pikachu|Raichu|Voltorb|Electrode|Electabuzz|Jolteon|Pichu|Mareep|Flaaffy|Ampharos|Elekid|Raikou|Electrike|Manectric|Plusle|Minun|Shinx|Luxio|Luxray|Pachirisu|Electivire| Blitzle|Zebstrika|Tynamo|Eelektrik|Eelektross|Xurkitree|Zeraora|Yamper|Boltund| Pincurchin|Regieleki|Pawmi|Tadbulb|Bellibolt
96%
Bug Caterpie|Metapod|Pinsir|Pineco|Wurmple|Silcoon|Cascoon|Volbeat|Illumise|Kricketot|Kricketune|Burmy|Karrablast|Shelmet|Accelgor|Scatterbug|Spewpa|Grubbin|Blipbug| Tarountala|Spidops|Nymble|Rellor
95%
Fighting Mankey|Primeape|Machop|Machoke|Machamp|Farfetch'd|Hitmonlee|Hitmonchan|Tyrogue|Hitmontop|Makuhita|Hariyama|Riolu|Timburr|Gurdurr|Conkeldurr|Throh|Sawk| Mienfoo|Mienshao|Pancham|Crabrawler|Passimian|Clobbopus|Grapploct|Sirfetch'd| Falinks|Zamazenta|Kufbu|Tauros
95%
Fairy Clefairy|Clefable|Cleffa|Togepi|Snubbull|Granbull|Flabebe|Floette|Florges|Spritzee|Aromatisse|Swirlix|Slurpuff|Sylveon|Xerneas|Comfey|Milcery|Alcremie|Zacian|Fidough| Dachsbun
94%
Dragon Dratini|Dragonair|Bagon|Shelgon|Axew|Haxorus|Fraxure|Haxorus|Druddigon|Goomy|Sliggoo|Goodra|Jangmo-O|Regidrago
94%
Dark Meowth|Persian|Umbreon|Poochyena|Mightyena|Absol|Darkrai|Purrloin|Liepard|Zorua|Zoroark|Nickit|Thievul|Maschiff|Mabosstiff
94%
Psychic Abra|Kadabra|Alakazam|Drowzee|Hypno|Ponyta|Mewtwo|Mew|Espeon|Unown|Wobbuffet|Spoink|Grumpig|Chimecho|Wynaut|Deoxys|Chingling|Uxie|Mesprit|Azelf| Cresselia|Munna|Musharna|Gothita|Gothorita|Gothitelle|Solosis|Duosion|Reuniclus| Elgyem|Beheeyem|Espurr|Meowstic|Cosmog|Cosmeon|Necrozma|Hatenna|Hattrem| Flittle|Espathra
91%
Normal Rattata|Raticate|Meowth|Persian|Lickitung|Chansey|Kangaskhan|Tauros|Ditto|Eevee|Porygon|Snorlax|Sentret|Furret|Aipom|Dunsparce|Teddiursa|Ursaring|Porygon2| Stantler|Smeargle|Miltank|Blissey|Zigzagoon|Linoone|Slakoth|Vigoroth|Slaking| Whismur|Loudred|Exploud|Skitty|Delcatty|Spinda|Zangoose|Castform|Kecleon| Bidoof|Ambipom|Buneary|Lopunny|Glameow|Purugly|Happiny|Munchlax|Lickilicky| Porygon-Z|Regigigas|Arceus|Patrat|Watchog|Lillipup|Herdier|Stoutland|Audino| Minccino|Cinccino|Bouffalant|Bunnelby|Furfrou|Yungoos|Gumshoos|Type:Null|Silvally| Komala|Skwovet|Greedent|Wooloo|Dubwool|Lechonk|Oinkologne|Tandemaus| Maushold|Dudunsparce|Terapagos
91%
Water Squirtle|Wartortle|Blastoise|Psyduck|Golduck|Poliwag|Poliwhirl|Seel|Shellder|Krabby|Kingler|Horsea|Seadra|Goldeen|Seaking|Staryu|Magikarp|Vaporeon|Totodile| Croconaw|Feraligatr|Politoed|Remoraid|Octillery|Suicune|Mudkip|Wailmer|Wailord| Corphish|Feebas|Milotic|Clamperl|Huntail|Gorebyss|Luvdisc|Kyogre|Piplup|Prinplup| Buizel|Floatzel|Shellos|Finneon|Lumineon|Phione|Manaphy|Oshawott|Dewott| Samurott|Panpour|Simipour|Tympole|Basculin|Alomomola|Froakie|Frogadier| Clauncher|Clawitzer|Popplio|Brionne|Wishiwashi|Pyukumuku|Sobble|Drizzile|Inteleon| Chewtle|Arrokuda|Barraskewda|Quaxly|Quaxwell|Wiglett|Wugtrio|Finizen|Palafin| Dondozo
91%
Poison Ekans|Arbok|Nidoran|Nidorino|Nidorina|Grimer|Muk|Koffing|Weezing|Gulpin|Swalot|Seviper|Trubbish|Garbodor|Poipole
88%
Ground Sandshrew|Sandslash|Diglett|Dugtrio|Cubone|Marowak|Phanpy|Donphan|Trapinch|Groudon|Hippopotas|Hippowdon|Drilbur|Mudbray|Mudsdale|Silicobra|Sandaconda
88%
Grass Tangela|Chikorita|Bayleef|Meganium|Bellossom|Sunkern|Sunflora|Treecko|Grovyle|Sceptile|Seedot|Shroomish|Cacnea|Turtwig|Grotle|Cherubi|Cherrim|Carnivine| Tangrowth|Leafeon|Shaymin|Snivy|Servine|Serperior|Pansage|Simisage|Petilil|Lilligant| Maractus|Chespin|Quilladin|Skiddo|Gogoat|Fomantis|Lurantis|Bounsweet|Steenee| Tsareena|Grookey|Thwackey|Rillaboom|Gossifleur|Eldegoss|Sprigatito|Floragato| Capsakid|Ogerpon
88%
Ice Vulpix|Snorunt|Glalie|Regice|Glaceon|Darumaka|Darmanitan|Vanillite|Vanillish|Vanilluxe|Cubchoo|Beartic|Cryogonal|Bergmite|Avalugg|Eiscue|Glastrier|Cetoddle| Cetitan
88%
Ghost Misdreavus|Corsola|Shuppet|Banette|Duskull|Dusclops|Mismagius|Dusknoir|Yamask|Cofagrigus|Sinistea|Polteageist|Cursola|Spectrier|Greavard|Houndstone|Gimmighoul
84%
Bug/Flying Butterfree|Scyther|Ledyba|Ledian|Yanma|Beautifly|Masquerain|Ninjask|Mothim|Combee|Vespiquen|Yanmega|Vivillon
83%
Rock Sudowoodo|Nosepass|Regirock|Cranidos|Rampardos|Bonsly|Roggenrola|Boldore|Gigalith|Rockruff|Lycanrock|Rolycoly|Stonjourner|Nacli|Naclstack|Garganacl|Klawf
83%
Bug/Electric Joltik|Galvantula|Charjabug|Vikavolt
80%
Steel Meowth|Registeel|Klink|Klang|Klinklang|Meltan|Melmetal|Perrserker|Cufant|Copperajah|Orthworm
80%
Bug/Poison Weedle|Kakuna|Beedrill|Venonat|Venomoth|Spinarak|Ariados|Dustox|Venipede|Whirlipede|Scolipede|Skorupi
80%
Flying Tornadus|Rookidee|Corvisquire
77%
Dragon/Flying Dragonite|Altaria|Salamence|Rayquaza|Noibat|Noivern
75%
Bug/Steel Forretress|Scizor|Wormadam|Escavalier|Durant|Genesect
75%
Bug/Fire Larvesta|Volcarona|Sizzlipede|Centiskorch
75%
Dark/Dragon Deino|Zweilous|Hydreigon|Guzzlord|Roaring Moon
73%
Fire/Flying Charizard|Moltres|Ho-oh|Fletchinder|Talonflame
72%
Dark/Fire Houndour|Houndoom|Incineroar|Chi-Yu
72%
Dark/Flying Moltres|Murkrow|Honchkrow|Vullaby|Mandibuzz|Yveltal|Iron Jugulis|Bombirdier
72%
Bug/Grass Paras|Parasect|Wormadam|Sewaddle|Swadloon|Leavanny
72%
Bug/Water Surskit|Wimpod|Golisopod|Dewpider|Araquanid
72%
Electric/Flying Zapdos|Emolga|Thundurus|Wattrel|Kilowattrel
72%
Dragon/Ice Kyurem|Frigibax|Arctibax|Baxcalibur
71%
Dark/Ghost Sableye|Spiritomb
70%
Dragon/Ground Vibrava|Flygon|Gible|Gabite|Garchomp|Zygarde
70%
Bug/Fighting Heracross|Buzzwole|Pheromosa|Slither Wing
69%
Fire/Ghost Marowak|Typhlosion|Blacephalon|Litwick|Lampent|Chandelure|Skeledirge|Ceruledge
69%
Dark/Grass Nuzleaf|Shiftry|Cacturne|Zarude|Wo-Chien|Meowscarada|Brute Bonnet
69%
Dragon/Fire Reshiram|Turtonator|Gouging Fire
69%
Bug/Rock Shuckle|Anorith|Armaldo|Dwebble|Crustle|Kleavor
69%
Dragon/Electric Zekrom|Dracozolt|Miraidon|Raging Bolt
69%
Fire/Fighting Combusken|Blaziken|Monferno|Infernape|Pignite|Emboar|Tauros
68%
Dark/Fairy Impidimp|Morgrem|Grimmsnarl
68%
Electric/Ghost Rotom
68%
Grass/Poison Bulbasaur|Ivysaur|Venusaur|Oddish|Gloom|Vileplume|Bellsprout|Weepinbell|Victreebel|Roselia|Budew|Roserade|Foongus|Amoonguss
67%
Bug/Fairy Cutiefly|Ribombee
67%
Ghost/Poison Gastly|Haunter|Gengar|Pecharunt
67%
Dark/Ice Sneasel|Weavile|Chien-Pao
67%
Flying/Steel Corviknight|Skarmory|Celesteela
66%
Flying/Water Gyarados|Mantine|Wingull|Pelipper|Mantyke|Ducklett|Swanna|Cramorant
66%
Ground/Rock Rhyhorn|Rhydon|Geodude|Graveler|Golem|Rhyperior|Onix|Larvitar|Pupitar
66%
Bug/Ghost Shedinja
66%
Ice/Water Dewgong|Cloyster|Lapras|Spheal|Sealeo|Walrein|Arctovish|Iron Bundle
65%
Bug/Psychic Dottler|Orbeetle|Rabsca
65%
Dragon/Fighting Hakammo-o|Kommo-o|Koraidon
65%
Electric/Steel Magnemite|Magneton|Magnezone|Togedemaru
65%
Normal/Flying Pidgey|Pidgeotto|Pidgeot|Spearow|Fearow|Farfetch'd|Doduo|Dodrio|Hoothoot|Noctowl|Taillow|Swellow|Swablu|Starly|Staravia|Staraptor|Chatot|Pidove|Tranquill|Unfezant| Rufflet|Braviary|Fletchling|Pikipek|Trumbeak|Toucannon|Squakabilly
65%
Dark/Fighting Scraggy|Scrafty|Pangoro|Urshifu
65%
Fighting/Flying Zapdos|Hawlucha|Flamigo
65%
Ghost/Dragon Giratina|Dreepy|Drakloak|Dragapult
63%
Grass/Flying Hoppip|Skiploom|Jumpluff|Tropius|Rowlet|Dartrix
63%
Ghost/Grass Phantump|Trevenant|Pumpkaboo|Gourgeist|Decidueye|Dhelmise|Bramblin|Brambleghast|Poltchageist|Sinistcha
63%
Fire/Water Volcanion
63%
Electric/Fairy Dedenne|Tapu Koko
62%
Bug/Dark Lokix
62%
Fighting/Psychic Meditite|Medicham|Gallade
62%
Bug/Ground Nincada|Wormadam
62%
Ground/Steel Diglett|Dugtrio|Steelix|Excadrill|Stunfisk|Iron Treads
61%
Ice/Ghost Froslass
61%
Fighting/Ghost Marshadow|Annihilape
61%
Dark/Poison Qwilfish|Overqwil|Grimer|Muk|Stunky|Skuntank|Drapion
61%
Electric/Poison Toxel|Toxtricity
61%
Grass/Fighting Breloom|Lilligant|Virizion|Chesnaught|Decidueye
60%
Ice/Bug Snom|Frosmoth
60%
Ice/Flying Articuno|Delibird
59%
Psychic/Flying Articuno|Natu|Xatu|Lugia|Woobat|Swoobat|Sigilyph|Braviary
59%
Poison/Dragon Dragalge|Naganadel|Eternatus
59%
Grass/Steel Ferroseed|Ferrothorn|Kartana
59%
Dark/Psychic Inkay|Malamar|Hoopa
59%
Fire/Ground Numel|Camerupt
59%
Grass/Ice Snover|Abomasnow
59%
Fire/Rock Growlithe|Arcanine|Magcargo|Carkol|Coalossal
58%
Water/Grass Lotad|Lombre|Ludicolo|Ogerpon
58%
Dark/Normal Rattata|Raticate|Zigzagoon|Linoone|Obstagoon
58%
Fighting/Poison Sneasel|Sneasler|Croagunk|Toxicroak|Okidogi
58%
Water/Ground Wooper|Quagsire|Marshtomp|Swampert|Barboach|Whiscash|Gastrodon|Palpitoad|Seismitoad
58%
Normal/Dragon Drampa|Cyclizar
57%
Fire/Steel Heatran
57%
Fire/Poison Iron Moth|Salandit|Salazzle
57%
Water/Dragon Kingdra|Palkia|Dracovish|Tatsugiri|Walking Wake
57%
Fire/Normal Litleo|Pyroar
57%
Rock/Water Omanyte|Omastar|Kabuto|Kabutops|Corsola|Relicanth|Tirtouga|Carracosta|Binacle|Barbaracle|Drednaw
57%
Electric/Fighting Pawmo|Pawmot|Iron Hands
57%
Psychic/Fairy Rapidash|Mr. Mime|Ralts|Kirlia|Gardevoir|Mime Jr.|Tapu Lele|Hatterene|Scream Tail
57%
Grass/Fire Scovillain|Ogerpon
57%
Poison/Water Tentacool|Tentacruel|Qwilfish|Skrelp|Mareanie|Toxapex
57%
Fire/Psychic Victini|Delphox|Armarouge
57%
Ghost/Ground Yamask|Golett|Golurk|Runerigus|Sandygast|Palossand
57%
Rock/Flying Aerodactyl|Archen|Archeops|Minior
56%
Steel/Dragon Dialga|Sliggoo|Goodra|Duraludon|Archaludon
56%
Ground/Flying Gligar|Gliscor|Landorus
56%
Water/Dark Carvanha|Sharpedo|Crawdaunt|Samurott|Greninja
55%
Water/Electric Chinchou|Lanturn
55%
Grass/Fairy Cottonee|Whimsicott|Morelull|Shiinotic|Tapu Bulu
55%
Grass/Dragon Exeggutor|Applin|Flapple|Appletun|Hydrapple|Dipplin
55%
Water/Fairy Marill|Azumarill|Primarina|Tapu Fini
55%
Dark/Steel Pawniard|Bisharp|Kingambit
55%
Ground/Electric Stunfisk|Sandy Shocks
55%
Fairy/Flying Togetic|Togekiss|Enamorus
55%
Normal/Fairy Jigglypuff|Wigglytuff|Igglybuff|Azurill
54%
Fighting/Steel Lucario|Cobalion
54%
Poison/Flying Zubat|Golbat|Crobat
54%
Ice/Rock Avalugg|Amaura|Aurorus
53%
Ghost/Fairy Mimikyu|Flutter Mane
53%
Grass/Ground Torterra|Toedscool|Toedscruel
53%
Ground/Psychic Baltoy|Claydol
52%
Psychic/Steel Beldum|Metang|Metagross|Jirachi|Bronzor|Bronzong|Solgaleo|Iron Crown
52%
Steel/Fairy Mawile|Klefki|Magearna|Tinkatink|Tinkatuff|Tinkaton
52%
Grass/Normal Smoliv|Dolliv|Arboliva|Deerling|Sawsbuck
52%
Ice/Ground Swinub|Piloswine|Mamoswine
52%
Ghost/Flying Drifloon|Drifblim
51%
Grass/Psychic Exeggcute|Exeggutor|Celebi|Calyrex|Iron Leaves
51%
Electric/Normal Helioptile|Heliolisk
51%
Dragon/Psychic Latias|Latios
51%
Normal/Ghost Zorua|Zoroark
51%
Rock/Steel Aron|Lairon|Aggron|Shieldon|Bastiodon|Probopass|Stakataka
50%
Fighting/Ice Crabominable
49%
Normal/Psychic Girafarig|Meloetta|Oranguru|Wyrdeer|Indeedee|Farigiraf
49%
Ice/Psychic Mr. Mime|Smoochum|Jynx|Mr. Rime
49%
Water/Fighting Poliwrath|Keldeo|Quaquaval|Tauros
49%
Water/Psychic Slowpoke|Slowbro|Slowking|Starmie|Bruxish|Veluza
49%
Rock/Fairy Carbink|Diancie
48%
Rock/Grass Lileep|Cradily|Ogerpon
48%
Ground/Dark Sandile|Krokorok|Krookodile|Ting-Lu
48%
Water/Ghost Frillish|Jellicent|Basculegion
46%
Normal/Water Bibarel
45%
Rock/Electric Geodude|Graveler|Golem|Iron Thorns
45%
Electric/Psychic Raichu
45%
Electric/Ice Arctozolt
44%
Ground/Normal Diggersby|Ursaluna
44%
Steel/Ghost Honedge|Doublade|Aegislash|Gholdengo
44%
Water/Steel Empoleon
43%
Ice/Fairy Ninetales
43%
Rock/Dragon Tyrunt|Tyrantrum
43%
Fairy/Fighting Iron Valiant
41%
Rock/Psychic Lunatone|Solrock|Iron Boulder
41%
Electric/Grass Voltorb|Electrode
41%
Poison/Ground Nidoqueen|Nidoking|Clodsire|Wooper
40%
Poison/Normal Shroodle|Grafaiai
40%
Ice/Steel Sandshrew|Sandslash
39%
Poison/Fairy Weezing|Fezandipiti
39%
Normal/Fighting Stufful|Bewear
38%
Psychic/Ghost Hoopa|Lunala
37%
Rock/Dark Tyranitar
37%
Steel/Poison Varoom|Revavroom
37%
Rock/Poison Nihilego|Glimmet|Glimmora
36%
Poison/Psychic Slowbro|Slowking|Munkidori
35%
Ground/Fighting Great Tusk
34%
Rock/Fighting Terrakion
28%
No matching quizzes found
Score Distribution
Percent of People with Each Score
Percentile by Number Answered
Your Score History
You have not taken this quiz since the last reset